000 00492nam a2200205Ia 4500
003 OSt
005 20230508171634.0
008 210423s1996 xx 000 0 und d
040 _cAL
041 _aeng
082 _a664.07
_223
_b NOLL
100 _aNOLLET (Leo M L),Ed.
_9100107
245 _aHand book of food analysis.
260 _aNew York
_bMarcel Dekkkar
_c1996
300 _axiii,1088
365 _cINR
440 _v1
906 _aanalysis. ; food ; Hand
942 _2ddc
_cBK
999 _c163892
_d163892